Trắc nghiệm di truyền học đại cương : (Câu hỏi và đáp án)
Wedi'i Gadw mewn:
| Prif Awdur: | |
|---|---|
| Fformat: | Llyfr |
| Iaith: | Vietnamese |
| Cyhoeddwyd: |
Thanh niên
2002
|
| Tagiau: |
Ychwanegu Tag
Dim Tagiau, Byddwch y cyntaf i dagio'r cofnod hwn!
|
| Thư viện lưu trữ: | Mạng thư viện Đại học Đà Nẵng |
|---|
| LEADER | 00661nam a2200253 4500 | ||
|---|---|---|---|
| 001 | 000021969 | ||
| 003 | 18417 | ||
| 005 | 20150424090444.0 | ||
| 008 | 150424s2002 viesd | ||
| 020 | |c 25000 | ||
| 041 | 0 | |a vie | |
| 082 | 1 | 4 | |a 576,5 |b LÊ-T |
| 100 | 1 | |a Lê Văn Trực | |
| 245 | 1 | 0 | |a Trắc nghiệm di truyền học đại cương : (Câu hỏi và đáp án) |c Lê Văn Trực |
| 260 | |b Thanh niên |c 2002 | ||
| 300 | |a tr. |c cm. | ||
| OWN | |a LSP | ||
| 999 | |a From the UDN01 | ||
| TYP | |a Monograph | ||
| TYP | |a Printed language | ||
| 980 | |a Mạng thư viện Đại học Đà Nẵng | ||